Los indios de Uruguay

Zapisane w:
Opis bibliograficzny
1. autor: Pi Hugarte, Renzo (Autor)
Format: Książka
Język:hiszpański
Wydane: Madrid Mapfre 1993
Seria:Coleción Indios de América
Hasła przedmiotowe:
Etykiety: Dodaj etykietę
Nie ma etykietki, Dołącz pierwszą etykiete!

MARC

LEADER 00000nam a2200000 a 4500
001 UCR5855
003 CL-VaPUC
008 980403e19930000SP |||||||||||||||||spa|d
082 0 4 |a 989.5  |b PIH  |2 21 
100 0 |a Pi Hugarte, Renzo  |e author  |9 406754 
245 1 4 |a Los indios de Uruguay 
300 |a 355 p 
942 |c BK 
945 |d 19980403 00:00:00  |a rbrito 
260 |a Madrid  |b Mapfre  |c 1993 
650 7 |a INDIOS  |2 CL-VaPUC  |9 258588 
650 0 |a Historia  |9 255047 
650 0 |a Culturas indígenas  |9 266389 
650 0 |a Etnografía   |9 309735 
650 0 |a Aculturación   |9 307938 
651 0 |a Uruguay  |9 255194 
583 |a last modification  |c 19980403 00:00:00  |k Rodrigo Vera 
490 0 |a Coleción Indios de América 
999 |c 268203  |d 268201 
952 |0 0  |1 0  |4 0  |6 989_500000000000000_PIH_1993  |7 0  |8 A  |9 301170  |a BIBHIS  |b BIBHIS  |d 2019-11-20  |i 3396789  |o 989.5 PIH 1993  |p 3396789  |r 2025-01-20  |w 2019-11-20  |y BK  |k HIS